تخطي إلى المحتوى
VuFind
اللغة
English
Deutsch
Español
Français
Italiano
日本語
Nederlands
Português
Português (Brasil)
中文(简体)
中文(繁體)
Türkçe
עברית
Gaeilge
Cymraeg
Ελληνικά
Català
Euskara
Русский
Čeština
Suomi
Svenska
polski
Dansk
slovenščina
اللغة العربية
বাংলা
Galego
Tiếng Việt
Hrvatski
हिंदी
كل الحقول
العنوان
المؤلف
الموضوع
رقم الطلب
ردمك/تدمد
الوسم
ابحث
بحث متقدم
بحث عن
World Book
استشهد بهذا
أرسل هذا بالبريد الإلكتروني
طباعة
تصدير التسجيلة
تصدير إلى RefWorks
تصدير إلى EndNoteWeb
تصدير إلى EndNote
permanent_link
تحميل...
World Book
التفاصيل البيبلوغرافية
المؤلف الرئيسي:
World Book
اللغة:
English
المقتنيات
الوصف
مواد مشابهة
عرض للأخصائي
LEADER
00220nam a22000977a 4500
005
20151028162410.0
008
100605t xxu||||| |||| 00| 0 eng d
100
|a
World Book
|9
27940
245
|a
World Book
942
|c
BK
|6
_
999
|c
81617
|d
81617
مواد مشابهة
World book encyclopedia(vol.1)
بواسطة: World book
منشور في: (1996)
World book encyclopedia T(vol.19)
بواسطة: World book
منشور في: (1996)
World book encyclopaedia- 22 vol.
بواسطة: World Book
منشور في: (2004)
World book encyclopaedia- 22 vol.
بواسطة: World Book
منشور في: (1981)
World book encyclopedia(vol.22.) :research guide
بواسطة: World book
منشور في: (1996)
تحميل...